| 000 | 01297cam a22003735i 4500 | ||
|---|---|---|---|
| 001 | 17694932 | ||
| 003 | EG-ScBUE | ||
| 005 | 20230111124204.0 | ||
| 008 | 130412t2012 gw co f b 000 0beng d | ||
| 020 | _a9783791347516 (pbk.) | ||
| 040 |
_aDLC _beng _erda _cDLC _dDLC _dDLC _dEG-ScBUE |
||
| 041 | 1 |
_aeng _hger |
|
| 082 | 0 | 4 |
_222 _a759.36 _bPAR |
| 100 | 1 |
_aPartsch, Susanna, _eauthor. _938159 |
|
| 240 | 1 | 0 |
_aGustav Klimt. _lEnglish |
| 245 | 1 | 0 |
_aGustav Klimt : _bpainter of women / _cSusanna Partsch ; [translated by] Michael Robinson. |
| 264 | 1 |
_aMunich ; _aLondon ; _aNew York : _bPrestel Publishing, _c[2012] |
|
| 264 | 4 | _cc2012 | |
| 300 |
_a120 pages : _bphotographs, portraits ; _c28 cm |
||
| 336 |
_2rdacontent _atext _btxt |
||
| 337 |
_2rdamedia _aunmediated _bn |
||
| 338 |
_2rdacarrier _avolume _bnc |
||
| 504 | _aIncludes bibliographical references. | ||
| 546 | _aText in English ; translated from the original German. | ||
| 600 | 1 | 7 |
_aKlimt, Gustav, _d1862-1918 _xCriticism and interpretation. _2BUEsh |
| 650 | 7 |
_aRelations with women. _2BUEsh |
|
| 650 | 7 |
_aWomen in art. _2BUEsh |
|
| 650 | 7 |
_aPainting, Austrian. _2BUEsh |
|
| 651 | _2BUEsh | ||
| 653 |
_bCOMAME _cJune2015 |
||
| 655 | _vReading book | ||
| 700 | 1 |
_aRobinson, Michael, _etranslator. |
|
| 942 |
_2ddc _k759.36 PAR _cBB |
||
| 999 |
_c19604 _d19576 |
||